[Event "Hyderabad Pearl City op"]
[Site "Hyderabad"]
[Date "2019.09.08"]
[Round "4"]
[White "Rishabh, Nishad"]
[Black "Rajesh, VAV"]
[Result "0-1"]
[WhiteElo "1898"]
[BlackElo "2389"]
[PlyCount "82"]
[EventDate "2019.09.06"]
[EventType "swiss"]
[EventRounds "11"]
[EventCountry "IND"]
[SourceTitle "EXT 2020"]
[Source "ChessBase"]
[SourceDate "2019.10.17"]
[SourceVersion "1"]
[SourceVersionDate "2019.10.17"]
[SourceQuality "1"]

1. e4 e5 2. Nf3 Nc6 3. d4 exd4 4. Nxd4 Bc5 5. Nb3 Bb6 6. Nc3 Nge7 7. Qe2 0-0 8. Be3 d6 9. 0-0-0 f5 10. f4 fxe4 11. g3 Bxe3+ 12. Qxe3 Nf5 13. Qe2 a5 14. a4 Be6 15. Qxe4 Qe7 16. Bc4 Bxc4 17. Qxc4+ Qf7 18. Qxf7+ Rxf7 19. Rhe1 Kf8 20. Nd5 Re8 21. c3 Nh6 22. h3 Ng8 23. Nd2 Nf6 24. Rxe8+ Kxe8 25. Re1+ Kd7 26. Nxf6+ Rxf6 27. Ne4 Rf5 28. Ng5 h6 29. Ne6 g6 30. h4 Rf6 31. Nd4 Nxd4 32. cxd4 Re6 33. Kd2 Rxe1 34. Kxe1 Ke6 35. g4 Kf6 36. Ke2 h5 37. Kf3 hxg4+ 38. Kxg4 d5 39. f5 gxf5+ 40. Kf4 b6 41. h5 c5 0-1

[Event "World Amateur-ch U2000"]
[Site "Chalkidiki"]
[Date "2016.04.27"]
[Round "9"]
[White "Rishabh, Nishad"]
[Black "Moldovan, Gheorghe Zamfir"]
[Result "0-1"]
[WhiteElo "1917"]
[BlackElo "1992"]
[PlyCount "60"]
[EventDate "2016.04.19"]
[EventType "swiss"]
[EventRounds "9"]
[EventCountry "GRE"]
[SourceTitle "CBM 172 Extra"]
[Source "ChessBase"]
[SourceDate "2016.06.21"]
[SourceVersion "1"]
[SourceVersionDate "2016.06.21"]
[SourceQuality "1"]

1. e4 e6 2. d4 d5 3. Nc3 dxe4 4. Nxe4 Nf6 5. Bg5 Be7 6. Bxf6 gxf6 7. Nf3 b6 8. Bb5+ c6 9. Bc4 b5 10. Bb3 Nd7 11. Qe2 0-0 12. 0-0-0 Nb6 13. g4 a5 14. c3 a4 15. Bc2 b4 16. cxb4 Bxb4 17. g5 Ba6 18. Bd3 Bxd3 19. Qxd3 f5 20. Nf6+ Kh8 21. Ne5 Be7 22. Neg4 Nd5 23. Rhg1 a3 24. b3 Bxf6 25. Nxf6 Nxf6 26. gxf6 Qxf6 27. Rd2 c5 28. dxc5 Rad8 29. Qc2 Qa1+ 30. Qb1 Qxb1+ 0-1

[Event "World Amateur-ch U2000"]
[Site "Chalkidiki"]
[Date "2016.04.24"]
[Round "6"]
[White "Khulan, Enkhsaikhan"]
[Black "Rishabh, Nishad"]
[Result "1-0"]
[WhiteElo "1918"]
[BlackElo "1917"]
[PlyCount "150"]
[EventDate "2016.04.19"]
[EventType "swiss"]
[EventRounds "9"]
[EventCountry "GRE"]
[SourceTitle "CBM 172 Extra"]
[Source "ChessBase"]
[SourceDate "2016.06.21"]
[SourceVersion "1"]
[SourceVersionDate "2016.06.21"]
[SourceQuality "1"]

1. c4 e5 2. g3 Nf6 3. Bg2 Bc5 4. Nc3 0-0 5. Nf3 d6 6. 0-0 Nc6 7. Na4 Be6 8. Nxc5 dxc5 9. b3 e4 10. Ne1 Qd7 11. Bb2 Nd4 12. e3 Bg4 13. f3 exf3 14. Nxf3 Nc6 15. d4 Qe7 16. Qc1 Nd7 17. d5 Nce5 18. Nxe5 Nxe5 19. Qc3 f6 20. e4 b6 21. h3 Bd7 22. Qd2 Rae8 23. Rad1 Nf7 24. h4 Bg4 25. Rde1 h5 26. Rf4 Qd6 27. Ref1 Ne5 28. Bxe5 Qxe5 29. Qf2 Re7 30. Qd2 Rfe8 31. R1f2 a5 32. Qb2 Qd6 33. Kh2 Qd7 34. Rd2 f5 35. exf5 Bxf5 36. Rdf2 Bg4 37. Qc2 Re3 38. Qg6 Qe7 39. Qf7+ Kh7 40. Qxe7 R8xe7 41. Bf1 Kg6 42. Rd2 Bf5 43. Rff2 Re1 44. Bd3 Bxd3 45. Rxd3 R1e2 46. Kg2 a4 47. bxa4 R2e4 48. d6 cxd6 49. Rxd6+ R7e6 50. Rxe6+ Rxe6 51. Rb2 Kf5 52. Kf3 Rd6 53. a5 bxa5 54. Rb7 Rd3+ 55. Kf2 Rc3 56. Rxg7 Rxc4 57. Rg5+ Ke4 58. Rxh5 Rc2+ 59. Ke1 Kd4 60. Rh8 Rxa2 61. h5 Rh2 62. h6 a4 63. Ra8 c4 64. Rxa4 Rxh6 65. Ra8 Kd3 66. Rd8+ Kc2 67. Ke2 c3 68. g4 Kc1 69. Kf3 c2 70. Rc8 Kd2 71. Rd8+ Ke1 72. Rc8 Rh3+ 73. Kg2 Ra3 74. Rxc2 Kd1 75. Rf2 Ke1 1-0